Diverse millennial students in college (Record no. 248091)
[ view plain ]
| 000 -LEADER | |
|---|---|
| fixed length control field | 02035nam a2200397 a 4500 |
| 082 04 - DEWEY DECIMAL CLASSIFICATION NUMBER | |
| Classification number | 378.1/98 |
| 245 00 - TITLE STATEMENT | |
| Title | Diverse millennial students in college |
| 250 ## - EDITION STATEMENT | |
| Edition statement | 1st ed. |
| 260 ## - PUBLICATION, DISTRIBUTION, ETC. (IMPRINT) | |
| Place of publication | Sterling, Va. : |
| Name of publisher | Stylus Pub., |
| Year of publication | 2011. |
| 300 ## - PHYSICAL DESCRIPTION | |
| Number of Pages | xi, 297 p. |
| 505 0# - FORMATTED CONTENTS NOTE | |
| Formatted contents note | pt. 1. Diverse millennials in college : a national perspective -- pt. 2. African American millennials in college -- pt. 3. Asian American millennials in college -- pt. 4. Latina/o millennials in college -- pt. 5. Native American millennials in college -- pt. 6. LGBTQ American millennials in college -- pt. 7. Bi- and multiracial millennials in college -- pt. 8. Voices of millennials in college : a diversity of perspectives. |
| 650 #0 - SUBJECT ADDED ENTRY--TOPICAL TERM | |
| Topical Term | Library users |
| Topical Term | Libraries and students |
| Topical Term | Generation Y |
| 700 1# - ADDED ENTRY--PERSONAL NAME | |
| Personal name | Bonner, Fred A. |
| Personal name | Marbley, Aretha Faye. |
| Personal name | Howard-Hamilton, Mary F. |
| 856 40 - ELECTRONIC LOCATION AND ACCESS | |
| Uniform Resource Identifier | http://site.ebrary.com/lib/rucke/Doc?id=10545707 |
No items available.
